• 首页
  • 本馆介绍
  • 公告通知
  • 最新文献
  • 馆藏检索
  • 电子资源
  • 读者导购
  • 参考咨询
  • 我的图书馆
  • 登录
  • 详细信息显示
  • 放入我的书架
  • 预约/预借图书
  • 作者相关作品
  • 分类相关作品
  • 丛书相关作品
  • 出版社相关作品

书目信息

  • 表格格式
  • 工作单格式
  • 卡片格式
题名:
中国共产党党内法规选编
    
 
作者: ;中共中央办公厅法规室 编
分册:  
出版信息: 北京   法律出版社  1996.09
页数: 17,731页
开本: 20cm
丛书名:
单 册:
中图分类: D21 , D262d3
科图分类: 33.121
主题词: 党章-中国共产党 , 规章制度-中国共产党--汇编
电子资源:
ISBN: 7-5036-1965-1
000 00826nam0 2200265 45
001 2557415365
005 20251216155940.09
010    @a7-5036-1965-1@b精装@d¥49
100    @a19971110d1996 y0chiy0121 ea
101 0  @achi
102    @aCN@b110000
105    @ay zn 000yy
200 10 @a中国共产党党内法规选编@Azhong guo gong chan dang dang nei fa gui xuan bian@e1978~1996@f中央办公厅法规室等编
210    @a北京@c法律出版社@d1996.09
215    @a17,731页@d20cm
601 02 @a中国共产党-党章
601 02 @a中国共产党-规章制度@x汇编
606    @a党章-中国共产党
606    @a规章制度-中国共产党@x汇编
690    @aD21@v3
690    @aD262d3@v4
692    @a33.121@v2
711 02 @a中共中央办公厅法规室@Azhong gong zhong yang ban gong ting fa gui shi@4编
801  0 @aCN@bTSSF@c19971205
905    @aZUCC@dD262d3@e2280
    
    中国共产党党内法规选编:1978~1996/中央办公厅法规室等编.-北京:法律出版社,1996.09
    17,731页;20cm
    
    
    ISBN 7-5036-1965-1(精装):¥49
    
●
相关链接 在E读中查询图书 在五车中查询图书 在当当中查询图书 在豆瓣中查询图书


正题名:中国共产党党内法规选编     索取号:D262d3/2280         预约/预借

序号 登录号 条形码 馆藏地/架位号 状态 备注
1 1442007   214420072   第一样本阅览室/ [索取号:D262d3/2280] 在馆    
唐山师范学院图书馆 欢迎您!
大连网信软件有限公司© 版权所有